00732cam a22001934a 4500020002800000041000800028082001300036100001800049245005900067260004600126300002100172650002000193856006800213856006800281856006800349942000700417952009700424999001700521 a0310205719 (alk. paper) aENG00a248bWAR1 aWarren, Rick,14aThe purpose-driven life : what on earth am i here for? aGrand Rapids, Mich. :bZondervan,cc2002. a361 p. :bill. ; 0aChristian life.42uhttp://www.loc.gov/catdir/enhancements/fy0633/2002011471-d.html41uhttp://www.loc.gov/catdir/enhancements/fy0633/2002011471-t.html41uhttp://www.loc.gov/catdir/enhancements/fy0642/2002011471-s.html cBK 00104070aHMIbHMIcGENd2019-02-28g280.00l0o248 WARp24643r2019-02-28w2019-02-28yBK c22637d22637